| 000 | 01106nam a22002417a 4500 | ||
|---|---|---|---|
| 005 | 20090820100419.0 | ||
| 008 | 090820t xxu||||| |||| 00| 0 hin d | ||
| 010 | _aHIN-93713 | ||
| 020 |
_c300.00 _a8189684043 |
||
| 035 | _aHN-66059 | ||
| 037 | _bDBAD / PUB | ||
| 040 |
_adpl _bhn |
||
| 082 | _a613.7046 | ||
| 100 |
_aशर्मा, शिखा _932941 |
||
| 245 |
_aस्वास्थ्य एवं घरेलू उपचार / _bशिखा शर्मा |
||
| 260 |
_aजयपुर _bगौरा प्रकाशन मंदिर _c2011 |
||
| 270 |
_aम.न.430, छोटू बैण्ड के ऊपरी मंजिल, चाँदपोल बाजार _bजयपुर |
||
| 300 |
_a197पृ. _c22सेमी (सजिल्द) _bसचित्र |
||
| 650 | _91169 | ||
| 650 | _932942 | ||
| 942 |
_2ddc _cHN _mशर्माशि _h613.7046 |
||
| 999 |
_c55492 _d55492 |
||